000 00756cam a22002538i 4500
999 _c117982
_d117982
001 20095449
005 20200725094221.0
008 171023s2019 mou b 001 0 eng
020 _a9780323482189
040 _cPK-LaUMT
082 0 0 _a616.9041
_223
_bTEX-
245 0 0 _aTextbook of diagnostic microbiology /
_cedited by Connie R. Mahon and Donald C. Lehman
250 _a6th ed.
260 _aMissouri :
_bElsevier,
_c2015
300 _a1072 p. ;
_ccm.
650 1 2 _aMicrobiological Techniques
650 2 2 _aCommunicable Diseases
_xdiagnosis
650 2 2 _aBacterial Infections
_xdiagnosis
650 2 2 _aVirus Diseases
_xdiagnosis
650 2 2 _aMycoses
_xdiagnosis
700 1 _aMahon, Connie R.,
700 1 _aLehman, Donald C.,
942 _cBK